| 000 | 00432nam a22001577a 4500 | ||
|---|---|---|---|
| 003 | MPLRDC | ||
| 005 | 20220104144312.0 | ||
| 008 | 210129b ||||| |||| 00| 0 eng d | ||
| 082 | _a947.47 TZBEX-71 v.8 | ||
| 100 | _a藤子不二雄原著 | ||
| 245 |
_a哆拉A梦大长篇. 第八册: 尤骑士 _c |
||
| 260 |
_a _bPENERBIT TORA AMAN _c1999 |
||
| 300 | _b平 | ||
| 650 | _a哆啦A梦长篇漫画 | ||
| 942 |
_cBK _o947.47 TZBEX-71 v.8 |
||
| 999 |
_c48296 _d48286 |
||